| 000 | 00560nam a2200229Ia 4500 | ||
|---|---|---|---|
| 003 | OSt | ||
| 005 | 20221005130735.0 | ||
| 006 | a|||||r|||| 00| 0 | ||
| 007 | ta | ||
| 008 | 221004b |||||||| |||| 00| 0 kan d | ||
| 024 | _a62378 | ||
| 037 | _cTextual | ||
| 040 |
_aCRL _cCRL _bkan |
||
| 041 |
_2kan _akan |
||
| 082 | _aO33,1:g, J8 | ||
| 100 |
_aShrikantai T N Au. _9638580 |
||
| 245 | 0 | _aSamalakana | |
| 260 | _c1958 | ||
| 650 | _aKANNAD POETRY | ||
| 942 |
_hO33,1:g, J8 _cTEXL _2cc |
||
| 999 |
_c1058248 _d1058248 |
||